| 000 | 00475cam a22001337a 4500 | ||
|---|---|---|---|
| 008 | 180718b1974 xxu||||| |||| 00| 0 eng d | ||
| 082 | _aT19 K898d | ||
| 100 | _aKristensen, Thorkil | ||
| 245 |
_aDevelopment in rich and poor countries: a general theory with statistical analyses _cby Thorkil Kristensen |
||
| 260 |
_aNew York _bPraeger _c1974 |
||
| 300 | _a164p. | ||
| 440 | _aPraegers special studies in interntional economics and development | ||
| 650 | _aEconomic development | ||
| 999 |
_c348788 _d348788 |
||